书目信息 |
| 题名: |
自言自语·开口说英语
|
|
| 作者: | 张剑波 主编 | |
| 分册: | ||
| 出版信息: | 北京 国防工业出版社 2010.01 |
|
| 页数: | 173页 | |
| 开本: | 20cm | |
| 丛书名: | 自言自语-自信交流英语口语系列 | |
| 单 册: | ||
| 中图分类: | H319.9 | |
| 科图分类: | ||
| 主题词: | 英语--ying yu--口语 | |
| 电子资源: | ||
| ISBN: | 978-7-118-06592-3 | |
| 000 | 01001nam 2200265 450 | |
| 001 | 012010997187 | |
| 005 | 20100412160115.71 | |
| 010 | @a978-7-118-06592-3@dCNY19.00 (含光盘) | |
| 010 | @a978-7-88704-219-4@b光盘 | |
| 100 | @a20100412d2010 em y0chiy0120 ea | |
| 101 | 0 | @achi@aeng |
| 102 | @aCN@b110000 | |
| 105 | @aa z 000yy | |
| 106 | @ar | |
| 200 | 1 | @a自言自语·开口说英语@Azi yan zi yu·kai kou shuo ying yu@f张剑波主编@Fzhu bian zhang jian bo |
| 210 | @a北京@c国防工业出版社@d2010.01 | |
| 215 | @a173页@c图@d20cm@e光盘1片 | |
| 225 | 2 | @a自言自语-自信交流英语口语系列@Azi yan zi yu-zi xin jiao liu ying yu kou yu xi lie |
| 330 | @a本书精选50篇文笔优美、文字浅显、情感丰富、发人深思的故事、散文或随笔供读者朗读,对文章中较难的单词或短语进行了音义方面的注释。 | |
| 410 | 0 | @12001 @a自言自语-自信交流英语口语系列 |
| 606 | 0 | @a英语@Aying yu@x口语 |
| 690 | @aH319.9@v4 | |
| 701 | 0 | @a张剑波@Azhang jian bo@4主编 |
| 801 | 0 | @aCN@bQSSK@c20100412 |
| 905 | @b777547-49@dH319.9@eZ120@f3 | |
| 自言自语·开口说英语/张剑波主编.-北京:国防工业出版社,2010.01 |
| 173页:图;20cm+光盘1片.-(自言自语-自信交流英语口语系列) |
| ISBN 978-7-118-06592-3:CNY19.00 (含光盘) |
| 本书精选50篇文笔优美、文字浅显、情感丰富、发人深思的故事、散文或随笔供读者朗读,对文章中较难的单词或短语进行了音义方面的注释。 |
| ● |
| 相关链接 |
|
|
|
正题名:自言自语·开口说英语
索取号:H319.9/Z120
 
预约/预借
| 序号 | 登录号 | 条形码 | 馆藏地/架位号 | 状态 | 备注 |
| 1 | 777547 | 207775479 | 语言库209/209语言库 113排1列2层/ [索取号:H319.9/Z120] | 在馆 | |
| 2 | 777548 | 207775488 | 语言库209/209语言库 113排1列2层/ [索取号:H319.9/Z120] | 在馆 | |
| 3 | 777549 | 207775497 | 语言库209/209语言库 59排4列3层/ [索取号:H319.9/Z120] | 在馆 |